Statistics for Angers SCO Squad 2022-2023

Click here to take the quiz!

General Stats

  • This quiz has been taken 10 times
  • The average score is 14 of 37

Answer Stats

#PositionNationPlayer% Correct
7FWMoroccoSofiane Boufal
90%
8MFMoroccoAzzedine Ounahi
70%
1GKFrancePaul Bernardoni
70%
30GKFranceYahia Fofana
70%
19FWSenegalAbdallah Sima
60%
6MFAlgeriaNabil Bentaleb
60%
15MFFrancePierrick Capelle
60%
94DFTunisiaYan Valery
60%
25DFIvory CoastAbdoulaye Bamba
50%
28FWAlgeriaFarid El Melali
50%
-CoachFranceGérald Baticle
50%
4DFBosnia and HerzegovinaHalid Šabanović
50%
23FWFranceAdrien Hunou
40%
-CoachFranceAlexandre Dujeux
40%
11FWFranceAmine Salama
40%
22DFBeninCédric Hountondji
40%
7FWSenegalIbrahima Niane
40%
9FWFranceLoïs Diony
40%
3DFIvory CoastSouleyman Doumbia
40%
10MFFranceHimad Abdelli
30%
16GKFranceMelvin Zinga
30%
5DFSloveniaMiha Blažič
30%
29DFFranceOusmane Camara
30%
92FWSenegalSada Thioub
30%
12MFFranceZinédine Ould Khaled
30%
21MFFranceAntonin Bobichon
20%
2MFFranceBatista Mendy
20%
8DFAlgeriaFaouzi Ghoulam
20%
40GKFranceThéo Borne
20%
20FWGabonUlrick Eneme-Ella
20%
14MFMoroccoYassin Belkhdim
20%
-CoachFranceAbdel Bouhazama
10%
27DFFranceAli Kalla
10%
31DFAlgeriaIlyes Chetti
10%
44FWCroatiaMarin Jakoliš
10%
26MFFranceWaniss Taïbi
10%
17MFFranceIbrahim Amadou
0%

Score Distribution

Percentile by Number Answered

Percent of People with Each Score

Your Score History

You have not taken this quiz